America and the World: (Record no. 13193)
[ view plain ]
| 000 -LEADER | |
|---|---|
| fixed length control field | 01119cam a2200277 4500 |
| 001 - CONTROL NUMBER | |
| control field | 3607635 |
| 005 - DATE AND TIME OF LATEST TRANSACTION | |
| control field | 20060324170128.0 |
| 008 - FIXED-LENGTH DATA ELEMENTS--GENERAL INFORMATION | |
| fixed length control field | 700309s1970 mdu |db 001 0 eng d |
| 010 ## - LIBRARY OF CONGRESS CONTROL NUMBER | |
| LC control number | 72104780 |
| Canceled/invalid LC control number | 77016133 |
| 020 ## - INTERNATIONAL STANDARD BOOK NUMBER | |
| International Standard Book Number | 0801811031 |
| 040 ## - CATALOGING SOURCE | |
| Original cataloging agency | DLC |
| Transcribing agency | DLC |
| Modifying agency | DLC |
| -- | OCoLC |
| 043 ## - GEOGRAPHIC AREA CODE | |
| Geographic area code | n-us--- |
| 050 00 - LIBRARY OF CONGRESS CALL NUMBER | |
| Classification number | E840 |
| Item number | .A615 |
| 082 00 - DEWEY DECIMAL CLASSIFICATION NUMBER | |
| Classification number | 327.73 |
| Edition number | 22 |
| Item number | AME |
| 245 00 - TITLE STATEMENT | |
| Title | America and the World: |
| Remainder of title | from the Truman doctrine to Vietnam/ |
| Statement of responsibility, etc | Robert E. Osgood... [et al.] |
| 260 ## - PUBLICATION, DISTRIBUTION, ETC. (IMPRINT) | |
| Place of publication, distribution, etc | Baltimore: |
| Name of publisher, distributor, etc | Johns Hopkins Press, 1970 |
| Date of publication, distribution, etc | 1970 |
| 300 ## - PHYSICAL DESCRIPTION | |
| Extent | ix, 434 p.; |
| Dimensions | 23 cm. |
| 500 ## - GENERAL NOTE | |
| General note | Donated by: Alaa Abdel Ghany |
| 504 ## - BIBLIOGRAPHY, ETC. NOTE | |
| Bibliography, etc | Includes bibliographical references and index |
| 651 #0 - SUBJECT ADDED ENTRY--GEOGRAPHIC NAME | |
| Geographic name | United States |
| General subdivision | Foreign relations |
| Chronological subdivision | 1945-1989. |
| 9 (RLIN) | 10611 |
| 651 #0 - SUBJECT ADDED ENTRY--GEOGRAPHIC NAME | |
| Geographic name | Soviet Union |
| General subdivision | Foreign relations |
| Chronological subdivision | 1945-1991. |
| 9 (RLIN) | 10612 |
| 700 1# - ADDED ENTRY--PERSONAL NAME | |
| Personal name | Osgood, Robert Endicott. |
| 9 (RLIN) | 10613 |
| 830 #0 - SERIES ADDED ENTRY--UNIFORM TITLE | |
| Uniform title | America and the world (Baltimore) |
| Volume number/sequential designation | v. 1. |
| 9 (RLIN) | 10614 |
| 942 ## - ADDED ENTRY ELEMENTS (KOHA) | |
| Source of classification or shelving scheme | Dewey Decimal Classification |
| Item type | Book - Borrowing |
| Withdrawn status | Item status | Source of classification or shelving scheme | Damaged status | Not for loan | Vendor | Home library | Current library | Shelving location | Date acquired | Source of acquisition | Total Checkouts | Total Renewals | Full call number | Barcode | Date last seen | Date last borrowed | Koha item type |
|---|---|---|---|---|---|---|---|---|---|---|---|---|---|---|---|---|---|
| Dewey Decimal Classification | Central Library | Central Library | First floor | 24/01/2010 | Donation | 1 | 1 | 327.73 AME | 000019477 | 15/07/2025 | 12/12/2010 | Book - Borrowing |